LEADER 01065nam0-2200337---450- 001 990009094760403321 005 20090925152648.0 010 $a978-88-8482-278-9 035 $a000909476 035 $aFED01000909476 035 $a(Aleph)000909476FED01 035 $a000909476 100 $a20090925d2009----km-y0itay50------ba 101 0 $aita 102 $aIT 105 $a--------001yy 200 1 $aProntuario del veicolo$eprontuario pratico riassuntivo delle prescrizioni tecniche sul veicolo previste dal Codice della strada, dal Regolamento di esecuzione e dalle direttive comunitarie$fcoordinamento di Emanuele Biagetti 205 $a6. ed. 210 $aForlì$cEGAF$d2009 215 $a1375 p.$cill.$d11X16 cm 610 0 $aAutoveicoli$aProgettazione 610 0 $aAutoveicoli$aGuida 676 $a629.2 702 1$aBiagetti,$bEmanuele 801 0$aIT$bUNINA$gRICA$2UNIMARC 901 $aBK 912 $a990009094760403321 952 $a13 A 31 01$b16416$fFINBC 959 $aFINBC 996 $aProntuario del veicolo$9785198 997 $aUNINA LEADER 01062cam0-22003731i-450- 001 990006254610403321 005 20100316102015.0 010 $a88-13-19403-X 035 $a000625461 035 $aFED01000625461 035 $a(Aleph)000625461FED01 035 $a000625461 100 $a20000112d1995----km-y0itay50------ba 101 0 $aita 102 $aIT 105 $ay-------001yy 200 1 $aLegge e sindacato nelle crisi occupazionali$fDonata Gottardi 210 $aPadova$cCedam$d1995 215 $aX, 334 p.$d24 cm 225 1 $aCollana di studi giuridici$fUniversità degli Studi di Verona$v21 676 $a344.018$v20$zita 676 $a344 700 1$aGottardi,$bDonata$0231889 801 0$aIT$bUNINA$gRICA$2UNIMARC 901 $aBK 912 $a990006254610403321 952 $aUNIVERSITÀ 481 (21)$b29895*$fFGBC 952 $aB-III-113$b8531 dip.$fDDRC 952 $aDPR 29-512$b15562$fDEC 959 $aFGBC 959 $aDDRC 959 $aDEC 996 $aLegge e sindacato nelle crisi occupazionali$9145104 997 $aUNINA LEADER 01469nam0 22003133i 450 001 VAN0098067 005 20140707124745.473 010 $a88-14-13804-4 100 $a20140605d2007 |0itac50 ba 101 $aita 102 $aIT 105 $a|||| ||||| 200 1 $aLocazione di immobili ad uso diverso dall'abitazione$e222 problemi risolti con norme e consigli sugli affitti di box, negozi, uffici, capannoni e terreni$fFrancesco Tamborrino 205 $aSesta edizione ampliata ed aggiornata da Marina Tamborrino 210 $aMilano$cGiuffrè$d2007 215 $a187 p.$d24 cm. - Fondo SSPL. 410 1$1001VAN0007672$12001 $aCosa & Come. Casa e territorio$1210 $aMilano$cGiuffrè. 620 $dMilano$3VANL000284 676 $a346.45043462$v21 700 1$aTamborrino$bFrancesco$3VANV000447$09567 702 1$aTamborrino$bMarina$3VANV060770 712 $aGiuffrè $3VANV109181$4650 801 $aIT$bSOL$c20230616$gRICA 856 4 $uhttp://books.google.it/books?id=0_HDkDC46PwC&printsec=frontcover&hl=it$zhttp://books.google.it/books?id=0_HDkDC46PwC&printsec=frontcover&hl=it 899 $aBIBLIOTECA DEL DIPARTIMENTO DI GIURISPRUDENZA$1IT-CE0105$2VAN00 912 $aVAN0098067 950 $aBIBLIOTECA DEL DIPARTIMENTO DI GIURISPRUDENZA$d00CONS SSPL.245 $e00SPL437 20140605 996 $aLocazione di immobili ad uso diverso dall'abitazione$9636613 997 $aUNICAMPANIA